| 000 | 00355nam a22001457a 4500 | ||
|---|---|---|---|
| 003 | OSt | ||
| 005 | 20160727222449.0 | ||
| 008 | 160704b xxu||||| |||| 00| 0 eng d | ||
| 040 | _cTEST | ||
| 100 |
_92026 _a Roper, G.G |
||
| 245 | _aFear Haunts the Summer | ||
| 260 |
_aChicago _b Moody Press _c1971 |
||
| 300 | _aFear Haunts the Summer | ||
| 942 |
_2ddc _cBK |
||
| 999 |
_c1727 _d1727 |
||